000 00743nam a2200229Ia 4500
003 IN-BaIIA
008 211028s9999 xx s 000 0 eng d
020 _a978-2-7598-0460-3 (Online)
022 _a1633-4760 (Print)
022 _a1638-1963 (Online)
040 _cIIA Library
100 _aGoupil, M., ed.
_938190
245 0 _aNonlinear Pulsations and Hydrodynamics of Cepheids
_h[eBook]
260 _aFrance
_bEDP Sciences
_c2009
300 _av, 183p.
490 _aEAS Publications Series
700 _aKervella, P.
_938191
700 _aKollath, Z.
_938192
700 _aNardetto, N.
_938193
856 _uhttps://www.eas-journal.org/articles/eas/abs/2009/05/contents/contents.html
_yClick Here to Access eBook
942 _cEB
999 _c20632
_d20632